LEADER 01209nam--2200385---450- 001 990003229580203316 005 20090427163839.0 010 $a978-88-459-2356-2 035 $a000322958 035 $aUSA01000322958 035 $a(ALEPH)000322958USA01 035 $a000322958 100 $a20090427d2009----km-y0itay50------ba 101 $aita 102 $aIT 105 $a||||||||001yy 200 1 $aTempo di regali$ea piedi fino a Costantinopoli: da Hoek Van Holland al medio Danubio$fPatrick Leigh Fermor$gtraduzione di Giovanni Luciani 210 $aMilano$cAdelphi$dcopyr. 2009 215 $a356 p.$cill., ritr., c. geogr.$d22 cm 225 2 $aBiblioteca Adelphi$v537 410 0$12001$aBiblioteca Adelphi$v537 454 1$12001 461 1$1001-------$12001 607 0 $aEuropa centrale$xDescrizioni [e] viaggi$2BNCF 676 $a914.0455 700 1$aFERMOR,$bPatrick Leigh$0449263 702 1$aLUCIANI,$bGiovanni 801 0$aIT$bsalbc$gISBD 912 $a990003229580203316 951 $aVII.3.A. 863$b216284 L.M.$cVII.3.$d00189142 959 $aBK 969 $aUMA 979 $aMARTUCCIEL$b90$c20090427$lUSA01$h1638 996 $aTempo di regali$91013450 997 $aUNISA LEADER 03525nam 2200565Ia 450 001 996591265103316 005 20240426104009.0 010 $a3-11-132252-1 024 7 $a10.1515/9783111322520 035 $a(CKB)31651068700041 035 $a(DE-B1597)658414 035 $a(DE-B1597)9783111322520 035 $a(MiAaPQ)EBC31361039 035 $a(Au-PeEL)EBL31361039 035 $a(EXLCZ)9931651068700041 100 $a20240426h20242024 fg 101 0 $ager 135 $aur||||||||||| 181 $ctxt$2rdacontent 182 $cc$2rdamedia 183 $acr$2rdacarrier 200 10$aDynameis $eBausteine zu einer Geschichte der Virtualität /$fJulia Weber 205 $a1st ed. 210 1$aBerlin ;$aBoston : $cDe Gruyter, $d[2024] 210 4$d©2024 215 $a1 online resource (284 p.) 225 0 $aImaginarien der Kraft ,$x2698-7899 ;$v6 311 $a3-11-132243-2 327 $tFrontmatter -- $tInhaltsverzeichnis -- $tEinleitung -- $tVirtuelle Kräfte (Seele) -- $tVon der aristotelischen dynamis zur virtuellen Kraft -- $tVirtuelle Räume (Psyche) -- $tDie Entstehung von virtuellen Seelenräumen in der Frühen Neuzeit -- $tRaummodellierungen der Psyche im Anschluss an Descartes -- $tVirtuelle Welten (Stimmung) -- $tVon den Seelenvermögen zur »Kraft« der Literatur -- $tZur Subjektivierung fiktionaler Raumentwürfe und Herausbildung der ästhetischen Stimmung im 18. Jahrhundert -- $tSchluss und Ausblick -- $tLiteraturverzeichnis -- $tDanksagung -- $tAbbildungsnachweis 330 $aDas Buch von Julia Weber zeigt, auf welche Weise das von Aristoteles herrührende Verständnis von virtuellen Kräften als real nicht nachweisbaren, aber dennoch wirksamen Kräften den philosophischen Diskurs bis in die Moderne geprägt hat. Es verfolgt die Entwicklungen von den philosophischen Diskussionen um die Existenz von virtuellen Kräften in der Antike und im Mittelalter über das Aufkommen von virtuellen Räumen in der Frühen Neuzeit bis hin zur Entstehung von virtuellen Welten in der Literatur des 18. Jahrhunderts und macht auf diese Weise die bisher kaum nachvollzogenen Kontinuitäten und Verschiebungen zwischen antiken philosophischen Kraftdiskussionen und zeitgenössischen virtual realities sichtbar. 330 $aJulia Weber?s book demonstrates how Aristotle?s understanding of virtual forces as undetectable but nonetheless effective has shaped philosophical discourse up until the modern age. It traces developments from philosophical debate about the existence of virtual forces in antiquity and the Middle Ages to the emergence of virtual spaces in the early modern period, and the appearance of virtual worlds in 18th-century literature. In this way, it reveals the seldom traced continuities and shifts between ancient philosophical discussion of forces and contemporary virtual realities. 410 0$aImaginarien der Kraft Series 606 $aLITERARY CRITICISM / Comparative Literature$2bisacsh 610 $a18th century. 610 $aAristotle. 610 $aEarly Modern Period. 610 $aLiterary Studies. 610 $aRené Descartes. 610 $aaesthetics. 610 $adynamis. 610 $aforce. 610 $avirtuality. 615 7$aLITERARY CRITICISM / Comparative Literature. 700 $aWeber$b Julia, $4aut$4http://id.loc.gov/vocabulary/relators/aut$0764322 801 0$bDE-B1597 801 1$bDE-B1597 906 $aBOOK 912 $a996591265103316 996 $aDynameis$94160759 997 $aUNISA LEADER 05646nam 22007335 450 001 9910495172903321 005 20251113192450.0 010 $a3-030-68168-8 024 7 $a10.1007/978-3-030-68168-5 035 $a(CKB)5600000000003443 035 $a(MiAaPQ)EBC6714630 035 $a(Au-PeEL)EBL6714630 035 $a(PPN)257355154 035 $a(OCoLC)1266254462 035 $a(DE-He213)978-3-030-68168-5 035 $a(EXLCZ)995600000000003443 100 $a20210828d2021 u| 0 101 0 $aeng 135 $aurcnu|||||||| 181 $ctxt$2rdacontent 182 $cc$2rdamedia 183 $acr$2rdacarrier 200 10$aCalving Management and Newborn Calf Care $eAn interactive Textbook for Cattle Medicine and Obstetrics /$fby João Simões, George Stilwell 205 $a1st ed. 2021. 210 1$aCham :$cSpringer International Publishing :$cImprint: Springer,$d2021. 215 $a1 online resource (296 pages) 225 1 $aBiomedical and Life Sciences Series 311 08$a3-030-68167-X 320 $aIncludes bibliographical references and index. 327 $aChapter 1. Generalities/Introduction -- Chapter 2. Anatomy of the reproductive system -- Chapter 3. Reproductive physiology -- Chapter 4. Non-pregnant and pregnant cow?s management. - Chapter 5. Normal birth (eutocia) -- Chapter 6. Abnormal occurrences during calving -- Chapter 7. Assisted vaginal delivery -- Chapter 8. Obstetric manoeuvres. - Chapter 9. Fetotomy -- Chapter 10. Caesarean Section -- Chapter 11. Obstetric problems before or during calving -- Chapter 12. Post-partum management -- Chapter 13. Post-partum diseases -- Chapter 14. Care and management of the newly born calf. 330 $aThis comprehensive textbook provides detailed information on calving management in dairy and beef cattle. Enriched with diverse learning opportunities, it conveys the fundamentals of reproductive anatomy and physiology, parturition, birth complications and various obstetrical manoeuvres, as well as dam and calf care. In order to promote best practices in this specialized subject, the book covers all significant points from conception to calving and the perinatal period. Clear chapter structures, a wealth of illustrations and videos, obstetrical case studies, and question-and-answer lists round out the reading experience, making the book a unique source of information on how to support mother cows and obtain viable offspring. Readers can additionally download the free Springer Nature Flashcards App and benefit from 77 digital study questions to test their knowledge. The reproductive health status in cattle farms is crucial to immediately initiate lactationand new conception. Assistance by technical personnel, dystocia and stillbirth occurrences can reach ca. 50%, 14% and 6% of parturitions, respectively. Hence, zootechnical and veterinary management of calving is of great importance for animal welfare. This work makes a valuable contribution to teaching and everyday practice in cattle medicine and obstetrics. Veterinary students, residents, practitioners and technical personnel will discover it to be a rich learning and reference resource. ?For many years, animal health and welfare has been an increasingly important part of animal science and livestock production. One reason for this is that it has a very significant impact on the acceptance of livestock production systems by consumers and the economic success of farms. It is important to note that, most of the time, farmers are confronted first with animal health problems, even before the veterinarians. Normally the ?first aid? like calving assistance, including moderate dystocias, is performed by people working on farms or by related professionals. Therefore it is essential that also these people have the best knowledge to better know the different steps of all related processes, to be able to implement the best management plans (e.g. for calving) and to use the best available practices. Only this can assure the highest possible level of animal welfare and health. The book by João Simões and George Stilwell is therefore highly recommended for teachers and students of animal science, and for practitioners looking to acquire profound knowledge on the subject of ?healthy calving?, i.e., unassisted calving where dam and calf can express their full natural behaviour. As such, I wish the book every success.? Prof. Dr. Dr. Matthias Gauly President of the EAAP - The European Federation of Animal Science Rome, Italy. 410 0$aBiomedical and Life Sciences Series 606 $aVeterinary medicine 606 $aPhysiology 606 $aReproduction 606 $aAgriculture 606 $aAnatomy, Comparative 606 $aVeterinary Clinical Medicine 606 $aAnimal Physiology 606 $aReproductive Physiology 606 $aVeterinary Science 606 $aAgriculture 606 $aAnimal Anatomy 615 0$aVeterinary medicine. 615 0$aPhysiology. 615 0$aReproduction. 615 0$aAgriculture. 615 0$aAnatomy, Comparative. 615 14$aVeterinary Clinical Medicine. 615 24$aAnimal Physiology. 615 24$aReproductive Physiology. 615 24$aVeterinary Science. 615 24$aAgriculture. 615 24$aAnimal Anatomy. 676 $a636.2 700 $aSimo?es$b Joa?o Carlos Caetano$01233503 702 $aStilwell$b George 801 0$bMiAaPQ 801 1$bMiAaPQ 801 2$bMiAaPQ 906 $aBOOK 912 $a9910495172903321 996 $aCalving management and newborn calf care$92864883 997 $aUNINA